000 00367nam a2200157Ia 4500
003 OSt
005 20240305104132.0
008 170523s9999 xx 000 0 und d
020 _a978-8120405851
040 _cIIMTU
100 _aRAO- TV
245 4 _aTHE HRD MANAGEMENT INFORMATION SYSTEMSIONARY
260 _bOXFORD PUBLICATION
260 _c1998
942 _2ddc
_c02
999 _c933
_d933